| 000 | 00410nam a22001337a 4500 | ||
|---|---|---|---|
| 003 | SGT | ||
| 082 |
_a617.6342 _bC14K |
||
| 100 | _aKHATANA, RACHIT | ||
| 245 | _aCOMPARATIVE EVALUATION OF SURFACR TENSION & ANTIBACTERIAL EFFICACY OF THREE IRRIGANT SOLUTIONS - AN IN VITRO STUDY | ||
| 260 |
_aDELHI NCR _bSGT UNIVERSITY GURUGRAM _c2017 |
||
| 300 | _a1-65 | ||
| 650 | _aCONSERVATIVE DENTISTRY | ||
| 942 |
_2ddc _cTH |
||
| 999 |
_c16097 _d16097 |
||